| 000 | 00777nam a2200241 a 4500 | ||
|---|---|---|---|
| 005 | 20230929063913.0 | ||
| 008 | 070201s1995 mx r 000 0 spa d | ||
| 020 | _a8487767362 | ||
| 035 | _aUPN01000149078 | ||
| 049 | _aLT | ||
| 050 | 4 |
_aLB1573 _bD4.2 |
|
| 100 | 1 | _aDefior, Sylvia | |
| 245 | 1 | 0 |
_aAprendiendo a leer: _bmateriales de apoyo : nivel 2 / _cSylvia Defior, José Ramón Gallardo y Rolando Ortúzar. |
| 260 |
_aGranada, [Esp.] : _bAljibe, _c1995. |
||
| 300 |
_a116 p. : _bil. |
||
| 440 | 0 | _aCuadernos de refuerzo y apoyo | |
| 650 | 4 |
_aLectura _xEstudio y enseñanza (Elemental) _92805 |
|
| 650 | 4 |
_aMateriales didácticos _97263 |
|
| 700 | 1 |
_aGallardo, José Ramón, _ecoaut. |
|
| 700 | 1 |
_aOrtúzar, Rolando, _ecoaut. |
|
| 905 | _aLibro | ||
| 999 |
_c121219 _d121219 |
||